| 000 | 00934cab a2200265 4500 | ||
|---|---|---|---|
| 001 | WB2915-02 | ||
| 008 | 090401t1993 xxu||||| |||| 00| 0 eng d | ||
| 035 | _a(Sirsi) u5742 | ||
| 041 | _aeng | ||
| 100 | _aBennett, Elizabeth | ||
| 245 | _aEvidence in arbitration case | ||
| 260 | _c1993 | ||
| 350 | _a0 | ||
| 490 |
_aCSW - The Property Week _v43(4) 14 April 1993, 56(1) |
||
| 520 | _aDiscusses reasons for the court refusing to allow an arbitrator`s award on a comparable property to be admitted in evidence in a rent review arbitration. "Land Securities plc v Westminster CC" (1992). | ||
| 650 | _aADMISSIBILITY | ||
| 650 | _aCOMPARABLE PROPERTY | ||
| 650 | _aEVIDENCE | ||
| 650 | _aHOLLINGTON V F HEWTHORN & CO LTD | ||
| 650 | _aRENT REVIEWS | ||
| 690 | _aMANAGEMENT-DISPUTE AVOIDANCE, MANAGEMENT AND RESOLUTION-DISPUTE MANAGEMENT AND RESOLUTION-ARBITRATION | ||
| 690 | _aLAW | ||
| 942 | _n0 | ||
| 948 | _c04/03/1997 | ||
| 999 |
_c3425 _d3425 |
||